Vrátili, čo si požičali 1. liga vo volejbale žien - druhý turnaj skupiny o 1.-4. miesto

Bibliographic Details
Format: Article
Language:Slovak
Subjects:

MARC

LEADER 00000nab a2200000 a 4500
001 vtls000410172
003 SK-MaSNL
005 20260303192726.0
008 120925c1991 xo 0 slo
015 |a SNBRB19rr/mm-uuuuu 
035 |a CL0410296 
040 |a SNKBUCL  |b slo  |c SNKBUCL  |e AACR2 
041 0 |a slo 
044 |a xo  |c SK 
080 |a 796.325.093.1(437)  |2 1981 
245 0 0 |a Vrátili, čo si požičali  |b 1. liga vo volejbale žien - druhý turnaj skupiny o 1.-4. miesto 
650 0 7 |a volejbal  |2 snkbucl  |9 3294 
650 0 7 |a ženy  |2 snkbucl  |9 4865 
655 7 |a články z novín a časopisov  |2 snkbucl  |9 267496 
773 0 |t Šport  |g Roč. 45, č. 59 (11. 3. 1991), s. 3 a 5 
850 |a Slovenská národná knižnica v Martine  |a MTA001 
852 |a SNK  |b KIS3GCP 
958 |a RK 
992 |a RBX 
999 |c 2148394  |d 2150324